000
00340 a2200157 4500
001
61966
020
_a
9788526291737
040
_c
Anchieta - Pituba
100
_a
Vicentinho, Cláudio
240
1
0
_a
Radix: História
_l
por
245
1
0
_a
Radix: História
300
_a
328
362
0
_a
2013
650
4
_a
História do mundo
942
_c
BK
999
_c
61966
_d
61966